000 00568nam a2200193Ia 4500
003 IN-BaIIA
008 211028s9999 xx 000 0 eng d
040 _cIIA Library
080 _a770
_bHEN
100 _aHenney, Keith
_92078
245 0 _aHandbook of photography
_cKeith Henney and Beverly Dudley
250 _a7th ed.
260 _aNew York
_bWhittlesey House
_c1939
300 _axii, 871p.
650 _aPhogography-Handbook
_92079
650 _aPhotography-Handbook
_92080
700 _aDudley, Beverly
_92081
942 _cBK
999 _c967
_d967